书目信息 |
| 题名: |
细菌简史
|
|
| 作者: | 陈代杰 , 钱秀萍 编著 | |
| 分册: | ||
| 出版信息: | 北京 化学工业出版社 2015 |
|
| 页数: | 276页 | |
| 开本: | 23cm | |
| 丛书名: | ||
| 单 册: | ||
| 中图分类: | Q939.1-49 | |
| 科图分类: | ||
| 主题词: | 细菌--普及读物 | |
| 电子资源: | ||
| ISBN: | 978-7-122-21743-1 | |
| 000 | 01198nam0 2200265 450 | |
| 001 | 002015210816 | |
| 005 | 20150424162351.0 | |
| 010 | @a978-7-122-21743-1@b@dCNY35.00 | |
| 100 | @a20150401d2015 em y0chiy50 ea | |
| 101 | 0 | @achi |
| 102 | @aCN@b110000 | |
| 105 | @ay z 000yy | |
| 106 | @ar | |
| 200 | 1 | @a细菌简史@9Xi Jun Jian Shi@e与人类的永恒博弈@f陈代杰,钱秀萍编著@g |
| 210 | @a北京@c化学工业出版社@d2015 | |
| 215 | @a276页@c@d23cm | |
| 330 | @a细菌是一种神奇的微小生物。本书通过浅显的语言,配以漫画和插图,讲述细菌如何致人疾患、肆虐生灵和“草菅人命”,告诉你发生在人类与细菌之间的惊心动魄的“永恒战争”。你或许还不知道:致病细菌入侵人体的武器装备和攻击人体的战略战术如此精良;奋然阻击入侵者的人体免疫系统如此迅速和有效地在体内展开着无声大战;“神药”青霉素和链霉素的发现和应用如此光彩夺目;科学家针对敌情设计的药物能够做到知己知彼百战不殆,但道高一尺魔高一丈的狡猾细菌为了躲避药物追杀策动的反击又如此猖狂,究竟鹿死谁手。 | |
| 333 | @a科普爱好者 | |
| 606 | 0 | @a细菌@x普及读物 |
| 690 | @aQ939.1-49@v5 | |
| 701 | 0 | @a陈代杰@9Chen Dai Jie@4编著 |
| 701 | 0 | @a钱秀萍@9Qian Xiu Ping@4编著 |
| 801 | 0 | @aCN@bMUSE@c20181206@g |
| 905 | @aBZT@dQ939.1-49@e1 | |
| 906 | @dCNY35.00@n3@r1 | |
| 细菌简史:与人类的永恒博弈/陈代杰,钱秀萍编著.-北京:化学工业出版社,2015 |
| 276页;23cm |
| 使用对象:科普爱好者 |
| ISBN 978-7-122-21743-1:CNY35.00 |
| 细菌是一种神奇的微小生物。本书通过浅显的语言,配以漫画和插图,讲述细菌如何致人疾患、肆虐生灵和“草菅人命”,告诉你发生在人类与细菌之间的惊心动魄的“永恒战争”。你或许还不知道:致病细菌入侵人体的武器装备和攻击人体的战略战术如此精良;奋然阻击入侵者的人体免疫系统如此迅速和有效地在体内展开着无声大战;“神药”青霉素和链霉素的发现和应用如此光彩夺目;科学家针对敌情设计的药物能够做到知己知彼百战不殆,但道高一尺魔高一丈的狡猾细菌为了躲避药物追杀策动的反击又如此猖狂,究竟鹿死谁手。 |
| ● |
| 相关链接 |
|
|
|
正题名:细菌简史
索取号:Q939.1-49/1
 
预约/预借
| 序号 | 登录号 | 条形码 | 馆藏地/架位号 | 状态 | 备注 |
| 1 | 857499 | 2000857499 | 第二书库/ [索取号:Q939.1-49/1] | 在馆 | |
| 2 | 857500 | 2000857500 | 第二书库/ [索取号:Q939.1-49/1] | 在馆 | |
| 3 | 857501 | 2000857501 | 第二书库/ [索取号:Q939.1-49/1] | 在馆 |